Normal view
MARC view
- Brewer, Peter C. , Garrison, Ray H. Noreen, Eric W
Entry Personal Name
001 - CONTROL NUMBER
- control field: 5887
003 - CONTROL NUMBER IDENTIFIER
- control field: JO-AjAnu
005 - DATE AND TIME OF LATEST TRANSACTION
- control field: 20230606071245.0
008 - FIXED-LENGTH DATA ELEMENTS
- fixed length control field: 230606|| aca||aabn | a|a d
040 ## - CATALOGING SOURCE
- Original cataloging agency: JO-AjAnu
- Transcribing agency: JO-AjAnu
100 ## - HEADING--PERSONAL NAME
- Personal name: Brewer, Peter C. , Garrison, Ray H. Noreen, Eric W
670 ## - SOURCE DATA FOUND
- Source citation: Work cat.: (JO-AjAnu)3052: Brewer, Peter C. , Garrison, Ray H. Noreen, Eric W, author, Introduction To Managerial Accounting